=LDR 00000nam 2200000 4500 =001 INLIS000000000001802 =005 20130612090205 =008 ***********************************Ind** =035 ##$$0010-061300000001802 =041 ##$$a Ind =082 ##$$a 614.7 =090 ##$$a 614.7, Suk v =100 ##$$a Sukanto,Surjono =245 ##$$a Visum et repertum teknik penyusunan dan pemerian, Soerjono Soekanto =260 ##$$a 1987 $b Jakarta =300 ##$$a vii,107 hlm, 20 cm =650 ##$$a Visum Et Repertum =850 ##$$a NBPNMAT